00836nam a2200193Ia 4500001000900000003000500009008004100014010001100055040000900066100004000075245024300115260003400358300001100392502010600403650002800509650002100537700003400558710005000592Para_586CHAP220125s1993 xx 000 0 und d a199346 cCHAP aArmendariz Mancinas, María Esther aPoblación estratificada y germinación de semillas de "sorgo maleza" (Sorghum bicolor (L.) Moench) en tres sistemas de labrnza en el oriente de Morelos, México /c por María Esther Armendariz Mancinas y Francisco Hernández Blanco aChapingo, Méx. :b el autor a107 h. aTesis (Ing. Agr. Esp. en Parasitología Agrícola) -- UACh. Departamento Parasitología Agrícola aSorgo x germinación  aSorgo x Morelos aHernández Blanco, Francisco aUACh. Departamento Parasitología Agrícola